000 01200nam a22002537a 4500
001 7227
003 FISKH
005 20250703095637.0
008 250703b cb ||||| |||| 00| 0 eng d
020 _a9780545368285
040 _aFISKH
_beng
_cFISKH
_dFISKH
050 _aPZ7
082 _a 523.4
100 _aFurgang, Kathy
245 _aAsteroids and Comets :
_bScience vocabulary words in Every book!/
_cKathy Furgang
260 _aNew York :
_bScholastic,
_c2012.
300 _a32 pages :
_bcolor illustrations ;
_c23 cm
490 _aSmart words readers
520 _aDid you know that an asteroid is heading our way? It is! The asteroid is named Apophis, and it is scheduled to fly by in April 2029, on Friday the 13th. But there is no reason to worry - it's going to come mighty close but will not strike Earth. We know this because scientists keep an eye on all objects that come near us. You can learn all about asteroids along with 20 new science Smart Words that will help you understand what asteroids are, where they are found, and where they are going!
650 _aAstronomy
_vComets
_xVocabulary
650 _aSolar system
_vSpace
942 _2ddc
_cBK
_n0
999 _c7227
_d7227